Países por C - Estadísticas

Estadísticas generales
  • Esta prueba ha sido intentada 93 veces
  • La puntuación promedio es 13 de 21
Estadísticas de respuestas
Hint Respuesta % Correcto
América del Norte Canadá
96%
América del Sur Colombia
85%
América del Sur Chile
84%
África Camerún
78%
Asia China
77%
América del Nort Costa Rica
76%
África República del Congo
66%
África República democrática del Congo
66%
América del Norte Cuba
65%
Europa Croacia
64%
Asia Camboya
61%
África Chad
61%
Asia Corea del Norte
59%
Asia Corea del Sur
59%
Asia Chipre
54%
África Comoras
54%
África Costa de Marfil
49%
Asia Catar
47%
África Cabo Verde
36%
Europa República Checa
30%
África República Centroafricana
14%
No se encontraron pruebas coincidentes
Distribución de puntuación
Porcentaje de gente con cada puntuación
Porcentaje por número respondido
Historial de tus puntuaciones
No has intentado esta prueba.